000
00218nam a2200097Ia 4500
008
240331s9999 xx 000 0 und d
082
_b
FIT
100
_a
Fitzwater, E
245
0
_a
Pride and Prejudice :
_b
notes
942
_c
L
999
_c
3134
_d
3134